000 01236nam a2200217Ia 4500
003 Ost
005 20260507075518.0
008 260507s9999||||xx |||||||||||||| ||und||
020 _a9789957243494
040 _cfsecg
041 _aara
082 _a338.5
100 _aالنسور، إياد عبد الفتاح
_eمؤلف
245 0 _aالتحليل الاقتصادي الجزئي مفاهيم ونظريات وتطبيقات /
_c إياد عبد الفتاح النسور
260 _aعمان:
_bدار صفاء للنشر والتوزيع,
_c2009
300 _a344 صفحة؛
_bإيضاحات ؛
_c25 سم
504 _aببليوغرافيا:ص ص.341-344
520 _aمفاهيم عامة في النظرية الاقتصادية،المشكلة الاقتصادية،ومنحنى إمكانيات الانتاج،تحليل الطلب والعرض،مرونة الطلب والعرض السعرية،نظرية سلوك المستهلك،نظرية الانتاج والتكاليف،نظرية الأسواق وسوق المنافسة التامة،سوق الاحتكار التام،المنافسة الاحتكارية واحتكار القلة
653 _aالاقتصاد الجزئي
942 _cكتاب
999 _c44762
_d44762